000 01031nam0a2200289 4500
001 RU\NLR\bibl\796566
005 20260406153952.0
010 _a5-89676-321-2
_913000
021 _aRU
_b2005-5557
_9281
035 _a(NLR Aleph) 000785766
090 _a1090525
_c1090525
100 _a20050506d2005 |||y0rusy50 ca
101 0 _arus
102 _aRU
105 _aa |||||||||
200 1 _aДед Мороз
_e[для чтения взрослыми детям]
_fЗинаида Александрова
_g[худож. С. Михайлов]
210 _aМосква
_cРИПОЛ классик
_cЧ.А.О. и К
_d2005
215 _a[8] с.
_cцв. ил.
_d22
225 1 _aЛадушки
686 _aШ9(2)60=Р7-5
700 1 _4070
_7ca
_8rus
_aАлександрова
_bЗ. Н.
_cдетский поэт
_f1907-1983
_gЗинаида Николаевна
_9116619
_3RU\NLR\auth\776670
801 0 _aRU
_bNLR
_c20050506
_grcr
801 1 _aRU
_bNLR
_c20050506
942 _cBOOK
980 _aNB